Cyclisme : Cyclistes Danois en WT et ProTeam saison 2023 - Statistiques

Statistiques générales
  • Ce quiz a été pris 45 fois
  • Le résultat moyen est 13 sur 35
Statistiques - réponses
Hint Réponse % Correct
Jumbo-Visma Jonas VINGEGAARD
93%
Soudal - Quick Step Casper PEDERSEN
86%
Lidl - Trek Mads PEDERSEN
86%
Lidl - Trek Martin PEDERSEN
86%
EF Education-EasyPost Magnus CORT
76%
Soudal - Quick Step Kasper ASGREEN
69%
Lidl - Trek Mattias SKJELMOSE
67%
Alpecin-Deceuninck Søren KRAGH ANDERSEN
67%
UAE Team Emirates Mikkel BJERG
57%
Team Jayco AlUla Christopher JUUL-JENSEN
50%
Movistar Team Mathias NORSGAARD
50%
Lotto Dstny Andreas KRON
48%
Soudal - Quick Step Michael MORKOV
43%
EF Education-EasyPost Mikkel Frølich HONORÉ
43%
Uno-X Pro Cycling Team Jonas GREGAARD
40%
BORA - hansgrohe Frederik WANDAHL
33%
Tudor Pro Cycling Team Alexander KAMP
29%
Israel - Premier Tech Jakob FUGLSANG
29%
Bahrain - Victorious Johan PRICE-PEJTERSEN
26%
Intermarché - Circus - Wanty Julius JOHANSEN
24%
Team dsm - firmenich Tobias Lund ANDRESEN
24%
Bingoal WB Alexander SALBY
19%
Lidl - Trek Asbjørn HELLEMOSE
19%
Tudor Pro Cycling Team Sebastian KOLZE CHANGIZI
19%
Uno-X Pro Cycling Team Marcus SANDER HANSEN
17%
Uno-X Pro Cycling Team Anthon CHARMIG
14%
Israel - Premier Tech Mads WÜRTZ SCHMIDT
14%
Uno-X Pro Cycling Team Jacob HINDSGAUL
12%
Team Jayco AlUla Adam Holm JORGENSEN
10%
Uno-X Pro Cycling Team Louis BENDIXEN
10%
Uno-X Pro Cycling Team Niklas EG
10%
Uno-X Pro Cycling Team William BLUME LEVY
10%
Team dsm - firmenich Frederik RODENBERG
7%
Uno-X Pro Cycling Team Niklas LARSEN
7%
Uno-X Pro Cycling Team Lasse NORMAN LETH
2%
Aucun quiz correspondant
Distribution des résultats
% des personnes avec chaque résultat
Percentile par nombre de réponses
Votre historique - résultats
Vous n’avez pas pris ce quiz